000 00815cab a22002175a 4500
001 L157200
008 120919e20120425xxk f 000 0 eng d
035 _a(Sirsi) u157200
041 0 _aeng
100 1 _aStothart, Chloe
110 2 _aHays Construction
_96112
245 0 0 _aSigns of life
260 _c2012
490 0 _aBuilding
_v277(8744) 14 September 2012, 32-35(4)
520 _aDiscusses the findings of the Hays' 2012 contractor salary survey, case studies, tables of average pay for quantity surveyors, planners, site managers and foremen, engineers, health and safety professionals, contract/project managers, and estimators in 2011 in 11 UK regions.
590 _aKA
651 4 _aUnited Kingdom
_y
690 _aBusiness and management
690 _aConstruction management
_96230
942 _n0
999 _c84294
_d84294